000 00860cab a2200265 4500
001 ABS44878
008 090401t1991 xxu||||| |||| 00| 0 eng d
035 _a(Sirsi) u49655
041 _aeng
100 _aSmith, B.
245 _a1992 and the planning profession in the UK and Germany
260 _c1991
350 _a0
490 _aThe Planner
_v77(24) 5 July 1991, 5-8(4)
520 _aCompares and contrasts planning in these countries as a result of the establishment of the single market . Looks specifically at professional planning associations , education , public sector and private sector possibilities.
650 _aCOMPARISON
650 _aEURO PLANNER
650 _aEUROPE
650 _aGERMANY
650 _aUNITED KINGDOM
690 _aPLANNING LAW AND PRACTICE
700 _aWood, C.
942 _n0
948 _c04/03/1997
999 _c31087
_d31087